| 000 | 01167cad a22002415a 4500 | ||
|---|---|---|---|
| 001 | L153067 | ||
| 008 | 110602s2010 xxk g 000 0 eng d | ||
| 035 | _a(Sirsi) u153067 | ||
| 041 | 0 | _aeng | |
| 110 | 2 |
_aRichards Partington Architects _95858 |
|
| 110 | 2 |
_aConcrete Centre _95831 |
|
| 245 | 0 | 0 |
_aMasonry _h[electronic resource] |
| 260 |
_a[S.l.] _bNBS _c2010 |
||
| 520 | _aBuilding low and zero carbon homes in masonry; fabric energy efficiency standard; key issues: thermal performance, thermal bridging, thermal bypass, airtightness, sequencing; which insulation? Chart illustrating some of the common issues that can affect the energy efficiency of masonry construction. | ||
| 590 | _aKA | ||
| 651 | 4 |
_aUnited Kingdom _y |
|
| 690 | _aBUILT ENVIRONMENT-SUSTAINABLE CONSTRUCTION | ||
| 690 | _aBUILT ENVIRONMENT-BUILDING MATERIALS-CEMENTITIOUS, CONCRETE AND MINERAL BOUND MATERIALS-CONCRETE | ||
| 690 | _aBUILDING AND CONSTRUCTION-ENERGY MANAGEMENT | ||
| 690 | _aBUILT ENVIRONMENT-BUILDING MATERIALS | ||
| 856 | 4 | 0 |
_uhttps://www.concretecentre.com/pdf/PublicationLibrary/Masonry.pdf _zView the item free of charge at www.concretecentre.com |
| 942 | _n0 | ||
| 999 |
_c112355 _d112355 |
||